00609nam a2200157 a 4500008004100000050001400041100001900055245001700074246004400091260004300135300002700178350000900205995009000214999001700304952013000321120416s1978 ||||||||||||||||| || u aQC 93 Cum aCuming, Pamela10aMeasuring up amastering metrics for the world of work aReading, Mass.bAddison-Wesleyc[1978] avii, (Various Pagings) a0.00 D0.00FCBU-MAIN LIBRARY (Kitwe)H1I0.00UDAMAGEDZMain Library Open Access Collection c50881d50881 00102lcc4070a001b001cMain Library Open Access Collectiond2022-11-30l0oQC 93 Cump702357r2022-11-30w2022-11-30y002